000 00818nam a22002657a 4500
003 CHAP
005 20220817041855.0
008 971013s1985 r 00010 d
010 _a27317
011 _a28289
035 _a32392
040 _cCHAP
090 _aFolleto 9438
110 _aInstituto Nacional de Capacitación del Sector Agropecuario, A. C. México
_959291
245 _aSelección, manejo y aplicación de fertilizantes químicos
260 _aMéxico, D.F. :
_bEl Instituto,
_c1985
300 _a64 p
590 _aBATCH-UPD
_b10
_c20130110
_lUCH01
_h1203
590 _aCONVERSION
_b10
_c20130109
_lUCH01
_h1316
650 1 4 _aFertilizantes.
_940447
650 1 4 _aFertilizantes
_xEfecto en plantas.
901 _aBK
942 _cFOLL
949 _aFolleto 9438
_bBC
_cFOLL
_d-75212
_eTS1
_i32392
_mD
_si
999 _c27317
_d27317